000 01937nam a2200265Ia 4500
999 _c50722
_d50722
001 17674
003 GE_BSU
005 20200221165205.0
008 181216s2015ge xx |||||||||||||| ||geo||
020 _a 2346-7657
040 _cGE_BSU
041 _ageo
080 _a378(063) ჰ-92
245 _aჰუმანიტარულ მეცნიერებათა და სამართლის ფაკულტეტის შრომები :
_bტ. 5 : /
_cსარედ.კოლეგია : სერგო ვარდოსანიძე ; როინ მეტრეველი ; მინდია უგრეხელიძე ; ვახტანგ გურული ; და სხვ . : ტომი გამოსაცემად მოამზადეს ვახტანგ გურულმა ; და ლევან ჯიქიამ.
264 _aთბილისი :
_bქართული უნ-ტის გამ-ბა,
_c2015.
300 _a174 გვ.:
_c29 სმ.
653 _aისტორია,ფილოლოგია თარგმანმცოდნეობა სამართალი
653 _aშრომაში დაბეჭდილია გამოკვლევები,რომელიც მიძღვნილია ისტორიის,ფილოლოგიის,თარგმანმცოდნეობის,დემოგრაფიისა და სამართლის აქტუალური პრობლემებისადმი
653 _aშრომები
700 _aვარდოსანიძე, სერგო
_97334
700 _aმეტრეველი, როინ
_97335
700 _aუგრეხელიძე, მინდია
_96958
700 _a გურული, ვახტანგ
_97336
942 _cBK
_2udc